Записки Западно-Сибирского отдела Государственного Русского географического общества (Запись № 2255023)

Подробности
000 -МАРКЕР
контрольное поле 07211nas1a22008291i 4500
001 - ИДЕНТИФИКАТОР ЗАПИСИ
контрольное поле RU\NLR\INFOCOMM16\1000023779
005 - ИДЕНТИФИКАТОР ВЕРСИИ
контрольное поле 20260406192210.0
035 ## - ДРУГИЕ СИСТЕМНЫЕ НОМЕРА
Идентификатор записи (NLR Aleph) 002763682
100 ## - ДАННЫЕ ОБЩЕЙ ОБРАБОТКИ
Данные общей обработки 20040203b18791964|||y0rusy50 ca
101 0# - ЯЗЫК РЕСУРСА
Язык текста, звукозаписи и т.д. русский
102 ## - СТРАНА ПУБЛИКАЦИИ ИЛИ ПРОИЗВОДСТВА
Страна публикации Российская Федерация
110 ## - ПОЛЕ КОДИРОВАННЫХ ДАННЫХ: ПРОДОЛЖАЮЩИЕСЯ РЕСУРСЫ
Кодированные данные продолжающегося ресурса zyu||||0|y0
200 1# - ЗАГЛАВИЕ И СВЕДЕНИЯ ОБ ОТВЕТСТВЕННОСТИ
Основное заглавие Записки Западно-Сибирского отдела Государственного Русского географического общества
207 #1 - ОБЛАСТЬ СПЕЦИФИЧЕСКИХ СВЕДЕНИЙ: НУМЕРАЦИЯ ПРОДОЛЖАЮЩИХСЯ РЕСУРСОВ
Нумерация: даты и обозначения томов Кн.1 - Т. 1 (40) (1964)
210 ## - ПУБЛИКАЦИЯ, РАСПРОСТРАНЕНИЕ И ДР.
Место издания, распространения и т.д. Омск
Дата издания, распространения и т.д. 1879 - 1964
311 ## - ПРИМЕЧАНИЯ, ОТНОСЯЩИЕСЯ К ПОЛЯМ СВЯЗИ (ПРИМЕЧАНИЯ О СВЯЗИ С ДРУГИМИ ПРОИЗВЕДЕНИЯМИ (ИЗДАНИЯМИ))
Текст примечания Продолжается как: Русское георгафическое общество (Санкт-Петербург). Омское региональное отделение. Записки Омского регионального отделения Всероссийской общественной организации "Русское географическое общество"
320 ## - ПРИМЕЧАНИЯ О НАЛИЧИИ В ДОКУМЕНТЕ БИБЛИОГРАФИИ / УКАЗАТЕЛЯ
Текст примечания Записки отдела (Содержание кн. 1-35) (В изд.: ... 1912, кн.36, Вып.1 с. 1-4 послед. паг.)
430 #0 - ПРОДОЛЖЕН
Встроенное поле 2001#$aЗаписки Западно-Сибирского отдела Императорского Русского географического общества
-- 71002$3RU\NLR\AUTH\889953921$aРусское географическое общество$bЗападно-Сибирский отдел
Заглавие Записки Западно-Сибирского отдела Императорского Русского географического общества
Автор Русское географическое общество. Западно-Сибирский отдел
440 #0 - ПРОДОЛЖАЕТСЯ ПОД ...
Встроенное поле 2001#$aЗаписки Омского регионального отделения Всероссийской общественной организации "Русское географическое общество"
-- 71002$3RU\NLR\AUTH\8810126368$aРусское георгафическое общество (Санкт-Петербург)$bОмское региональное отделение
Заглавие Записки Омского регионального отделения Всероссийской общественной организации "Русское географическое общество"
Автор Русское георгафическое общество (Санкт-Петербург). Омское региональное отделение
517 1# - ДРУГИЕ ВАРИАНТЫ ЗАГЛАВИЯ
Вариант заглавия Записки Омского отдела Географического общества Союза ССР
710 02 - НАИМЕНОВАНИЕ ОРГАНИЗАЦИИ - ПЕРВИЧНАЯ ОТВЕТСТВЕННОСТЬ
Код отношения Автор
Начальный элемент ввода Географическое общество СССР
Идентифицирующий признак Ленинград
Структурное подразделение Омский отдел
Идентификатор авторитетной/нормативной записи RU\NLR\AUTH\889954638
Системный номер авторитетной/нормативной записи 405282
801 #1 - ИСТОЧНИК ЗАПИСИ
Страна Российская Федерация
Организация InfoComm
Дата составления 20040203
801 #0 - ИСТОЧНИК ЗАПИСИ
Страна Российская Федерация
Организация NLR
Правила каталогизации PSBO
852 ## - МЕСТОНАХОЖДЕНИЕ И ШИФР ХРАНЕНИЯ
Идентификатор организации NLR
Шифр хранения (Call Number) П20/37
942 ## - ДОПОЛНИТЕЛЬНЫЕ ЭЛЕМЕНТЫ ЗАПИСИ (АБИС)
Тип экземпляра АБИС Продолжающееся издание
980 ## - КОЛЛЕКЦИЯ
Название коллекции Русская периодика

Нет доступных экземпляров.